40 Landmarks: Bavaria Quiz Stats

 Plays Quiz not verified by Sporcle

Score 0/40 Timer 10:00
0 Plays Today
% Correct
Neuschwanstein Castle, Hohenschwangau
76%
Frauenkirche, Munich
71.4%
Englischer Garten, Munich
66.8%
BMW Headquarters, Munich
63.1%
Olympiastadion, Munich
59.4%
Allianz Arena, Munich
59%
Nymphenburg Palace, Munich
51.2%
The New Town Hall, Munich
48.8%
Nuremberg Castle, Nuremberg
48.4%
Walhalla, Regensburg
42.4%
Regensburg Cathedral, Regensburg
41.5%
Olympiaturm, Munich
40.6%
Altes Rathaus, Munich
37.3%
The Deutsches Museum, Munich
33.6%
Bamberg Cathedral, Bamberg
33.2%
BMW Welt, Munich
33.2%
Maximilianeum, Munich
28.1%
Altes Rathaus, Bamberg
24.4%
St. Bartholomew's Church, Berchtesgaden
24.4%
Augsburg Cathedral, Augsburg
24%
% Correct
Siegestor, Munich
23%
Schloss Elmau, Garmisch-Partenkirchen
19.8%
Kongresshalle, Nuremberg
19.4%
Feldherrnhalle, Munich
18.4%
The Nuremberg Palace of Justice, Nuremberg
18%
Hochhaus Uptown München, Munich
16.6%
The Munich Residence, Munich
13.8%
Augsburger Rathaus, Augsburg
12.9%
The Bavarian National Museum, Munich
12.9%
Glyptothek, Munich
12.9%
Hotel-Pyramide, Fürth
12.4%
Regattastrecke Oberschleißheim, Munich
11.5%
Ettal Abbey, Ettal
11.1%
The Theatine Church of St. Cajetan, Munich
10.1%
The Würzburg Residence, Würzburg
10.1%
Dorint Hotel, Augsburg
9.2%
Marienberg Fortress, Würzburg
8.3%
The National Theatre Munich, Munich
7.4%
Markgräfliches Schloss Erlangen, Erlangen
6%
The Goetz Collection, Munich
6%

You're not logged in!

Compare scores with friends on all Sporcle quizzes.
OR
Log In

Show Comments

Extras

Top Quizzes Today


Score Distribution

Your Account Isn't Verified!

In order to create a playlist on Sporcle, you need to verify the email address you used during registration. Go to your Sporcle Settings to finish the process.

Report this User

Report this user for behavior that violates our Community Guidelines.

Details: